<?xml version="1.0" encoding="UTF-8"?>
<record
    xmlns:xsi="http://www.w3.org/2001/XMLSchema-instance"
    xsi:schemaLocation="http://www.loc.gov/MARC21/slim http://www.loc.gov/standards/marcxml/schema/MARC21slim.xsd"
    xmlns="http://www.loc.gov/MARC21/slim">

  <leader>01421nam a22002537a 4500</leader>
  <datafield tag="952" ind1=" " ind2=" ">
    <subfield code="0">0</subfield>
    <subfield code="1">0</subfield>
    <subfield code="4">0</subfield>
    <subfield code="7">0</subfield>
    <subfield code="a">23</subfield>
    <subfield code="b">23</subfield>
    <subfield code="d">2016-04-28</subfield>
    <subfield code="l">1</subfield>
    <subfield code="o">RJ370 M34</subfield>
    <subfield code="p">23 000375</subfield>
    <subfield code="r">2018-10-04</subfield>
    <subfield code="s">2018-10-02</subfield>
    <subfield code="t">1</subfield>
    <subfield code="w">2016-04-28</subfield>
    <subfield code="y">LB</subfield>
  </datafield>
  <datafield tag="952" ind1=" " ind2=" ">
    <subfield code="0">0</subfield>
    <subfield code="1">0</subfield>
    <subfield code="4">0</subfield>
    <subfield code="7">0</subfield>
    <subfield code="a">23</subfield>
    <subfield code="b">23</subfield>
    <subfield code="d">2016-04-28</subfield>
    <subfield code="l">1</subfield>
    <subfield code="o">RJ370 M34</subfield>
    <subfield code="p">23 000376</subfield>
    <subfield code="r">2024-07-30</subfield>
    <subfield code="s">2018-08-01</subfield>
    <subfield code="t">2</subfield>
    <subfield code="w">2016-04-28</subfield>
    <subfield code="y">LB</subfield>
  </datafield>
  <datafield tag="952" ind1=" " ind2=" ">
    <subfield code="0">0</subfield>
    <subfield code="1">0</subfield>
    <subfield code="4">0</subfield>
    <subfield code="7">0</subfield>
    <subfield code="a">23</subfield>
    <subfield code="b">23</subfield>
    <subfield code="d">2016-04-28</subfield>
    <subfield code="l">2</subfield>
    <subfield code="o">RJ370 M34</subfield>
    <subfield code="p">23 000377</subfield>
    <subfield code="r">2022-10-14</subfield>
    <subfield code="s">2022-10-11</subfield>
    <subfield code="t">3</subfield>
    <subfield code="w">2016-04-28</subfield>
    <subfield code="y">LB</subfield>
  </datafield>
  <datafield tag="952" ind1=" " ind2=" ">
    <subfield code="0">0</subfield>
    <subfield code="1">0</subfield>
    <subfield code="4">0</subfield>
    <subfield code="7">0</subfield>
    <subfield code="a">23</subfield>
    <subfield code="b">23</subfield>
    <subfield code="d">2016-05-11</subfield>
    <subfield code="l">1</subfield>
    <subfield code="o">RJ370 M34</subfield>
    <subfield code="p">23 000512</subfield>
    <subfield code="r">2022-07-21</subfield>
    <subfield code="s">2022-07-20</subfield>
    <subfield code="t">4</subfield>
    <subfield code="w">2016-05-11</subfield>
    <subfield code="y">LB</subfield>
  </datafield>
  <datafield tag="952" ind1=" " ind2=" ">
    <subfield code="0">0</subfield>
    <subfield code="1">0</subfield>
    <subfield code="4">0</subfield>
    <subfield code="7">0</subfield>
    <subfield code="a">23</subfield>
    <subfield code="b">23</subfield>
    <subfield code="d">2018-09-26</subfield>
    <subfield code="l">1</subfield>
    <subfield code="o">RJ370 M35</subfield>
    <subfield code="p">23 002132</subfield>
    <subfield code="r">2019-03-20</subfield>
    <subfield code="s">2019-03-19</subfield>
    <subfield code="t">5</subfield>
    <subfield code="w">2018-09-26</subfield>
    <subfield code="y">LB</subfield>
  </datafield>
  <datafield tag="952" ind1=" " ind2=" ">
    <subfield code="0">0</subfield>
    <subfield code="1">0</subfield>
    <subfield code="4">0</subfield>
    <subfield code="7">0</subfield>
    <subfield code="a">23</subfield>
    <subfield code="b">23</subfield>
    <subfield code="d">2018-09-26</subfield>
    <subfield code="l">1</subfield>
    <subfield code="o">RJ370 M35</subfield>
    <subfield code="p">23 002133</subfield>
    <subfield code="r">2022-10-26</subfield>
    <subfield code="s">2022-10-24</subfield>
    <subfield code="t">6</subfield>
    <subfield code="w">2018-09-26</subfield>
    <subfield code="y">LB</subfield>
  </datafield>
  <datafield tag="952" ind1=" " ind2=" ">
    <subfield code="0">0</subfield>
    <subfield code="1">0</subfield>
    <subfield code="4">0</subfield>
    <subfield code="7">0</subfield>
    <subfield code="a">23</subfield>
    <subfield code="b">23</subfield>
    <subfield code="d">2018-09-26</subfield>
    <subfield code="l">0</subfield>
    <subfield code="o">RJ370 M35</subfield>
    <subfield code="p">23 002134</subfield>
    <subfield code="r">2018-09-26</subfield>
    <subfield code="t">7</subfield>
    <subfield code="w">2018-09-26</subfield>
    <subfield code="y">LB</subfield>
  </datafield>
  <datafield tag="952" ind1=" " ind2=" ">
    <subfield code="0">0</subfield>
    <subfield code="1">0</subfield>
    <subfield code="4">0</subfield>
    <subfield code="7">0</subfield>
    <subfield code="a">23</subfield>
    <subfield code="b">23</subfield>
    <subfield code="d">2018-09-26</subfield>
    <subfield code="l">2</subfield>
    <subfield code="o">RJ370 M35</subfield>
    <subfield code="p">23 002135</subfield>
    <subfield code="r">2022-10-04</subfield>
    <subfield code="s">2022-10-03</subfield>
    <subfield code="t">8</subfield>
    <subfield code="w">2018-09-26</subfield>
    <subfield code="y">LB</subfield>
  </datafield>
  <datafield tag="952" ind1=" " ind2=" ">
    <subfield code="0">0</subfield>
    <subfield code="1">0</subfield>
    <subfield code="4">0</subfield>
    <subfield code="7">0</subfield>
    <subfield code="a">23</subfield>
    <subfield code="b">23</subfield>
    <subfield code="d">2018-09-26</subfield>
    <subfield code="l">0</subfield>
    <subfield code="o">RJ370 M35</subfield>
    <subfield code="p">23 002136</subfield>
    <subfield code="r">2018-09-26</subfield>
    <subfield code="t">9</subfield>
    <subfield code="w">2018-09-26</subfield>
    <subfield code="y">LB</subfield>
  </datafield>
  <datafield tag="999" ind1=" " ind2=" ">
    <subfield code="c">99540</subfield>
    <subfield code="d">99540</subfield>
  </datafield>
  <controlfield tag="005">20231102151925.0</controlfield>
  <controlfield tag="008">160428s2015    sp a|||| |||| 00| 0 spa d</controlfield>
  <datafield tag="020" ind1=" " ind2=" ">
    <subfield code="a">9788415950806</subfield>
  </datafield>
  <datafield tag="050" ind1=" " ind2="4">
    <subfield code="a">RJ370</subfield>
    <subfield code="b">M35</subfield>
  </datafield>
  <datafield tag="245" ind1="0" ind2="0">
    <subfield code="a">Manual de clasificaci&#xF3;n y triage del paciente pedi&#xE1;trico en urgencias</subfield>
    <subfield code="c">/ editores, M&#xED;guez Navarro, G. Guerrero M&#xE1;rquez, Ignacio Cerro  ; autores, M&#xAA; Ana Almagro Colorado </subfield>
  </datafield>
  <datafield tag="260" ind1="3" ind2=" ">
    <subfield code="a">Madrid</subfield>
    <subfield code="b">: Ergon</subfield>
    <subfield code="c">, 2015</subfield>
  </datafield>
  <datafield tag="300" ind1=" " ind2=" ">
    <subfield code="a">408 p&#xE1;ginas</subfield>
    <subfield code="b">ilustraciones</subfield>
  </datafield>
  <datafield tag="500" ind1=" " ind2=" ">
    <subfield code="a">Incluye: Anexos pp.385-407</subfield>
  </datafield>
  <datafield tag="505" ind1="1" ind2=" ">
    <subfield code="a">Generalidades sobre triage
Generalidades sobre triage hospitalario
Metodolog&#xED;a para la realizaci&#xF3;n de triage hospitalario
Otros conceptos de triage hospitalario
Triage extrahospitalario</subfield>
  </datafield>
  <datafield tag="519" ind1=" " ind2=" ">
    <subfield code="a">Plan UNAM 5&#xB0; Semestre /</subfield>
    <subfield code="b">Enfermer&#xED;a / </subfield>
    <subfield code="c">Enfermer&#xED;a de la ni&#xF1;ez y la adolescencia (1510)</subfield>
    <subfield code="d">(23 000375, 23 000376, 23 000377, 23 000512, 23 002132, 23 002133, 23 002134, 23 002135, 23 002136)</subfield>
  </datafield>
  <datafield tag="650" ind1="1" ind2="4">
    <subfield code="a">URGENCIAS PEDI&#xC1;TRICAS</subfield>
  </datafield>
  <datafield tag="700" ind1="1" ind2=" ">
    <subfield code="a">Miquez Navarro, Ma. Concepcion</subfield>
    <subfield code="e">editor</subfield>
  </datafield>
  <datafield tag="700" ind1="1" ind2=" ">
    <subfield code="a">Guerrero Marquez, Gloria</subfield>
    <subfield code="e">editor</subfield>
  </datafield>
  <datafield tag="700" ind1="1" ind2=" ">
    <subfield code="a">Ignacio Cerro, Ma. del Carmen</subfield>
    <subfield code="e">editor</subfield>
  </datafield>
  <datafield tag="700" ind1="1" ind2=" ">
    <subfield code="a">Almagro Colorado Ma. Ana</subfield>
    <subfield code="e">autor</subfield>
  </datafield>
  <datafield tag="942" ind1=" " ind2=" ">
    <subfield code="c">LB</subfield>
  </datafield>
</record>
